Camilón, comilón / (Registro nro. 9546)

Detalles MARC
000 -LEADER
fixed length control field 01096nam a22003855b 4500
001 - CONTROL NUMBER
control field 02247382
003 - CONTROL NUMBER IDENTIFIER
control field DO-SdBNP
005 - DATE AND TIME OF LATEST TRANSACTION
control field 20180326142831.0
007 - PHYSICAL DESCRIPTION FIXED FIELD--GENERAL INFORMATION
fixed length control field 02247382
008 - FIXED-LENGTH DATA ELEMENTS--GENERAL INFORMATION
fixed length control field 940426s 1993 sp | spa
016 7# - NATIONAL BIBLIOGRAPHIC AGENCY CONTROL NUMBER
Record control number
Source BPMSU
017 ## - COPYRIGHT OR LEGAL DEPOSIT NUMBER
Copyright or legal deposit number
Assigning agency
020 ## - INTERNATIONAL STANDARD BOOK NUMBER
International Standard Book Number 8434827034
035 ## - SYSTEM CONTROL NUMBER
System control number
040 ## - CATALOGING SOURCE
Original cataloging agency BPMSU
Language of cataloging spa
Transcribing agency BPMSU
Description conventions
041 1# - LANGUAGE CODE
Language code of text/sound track or separate title spa
Language code of original
080 #0 - UNIVERSAL DECIMAL CLASSIFICATION NUMBER
Universal Decimal Classification number
100 1# - MAIN ENTRY--PERSONAL NAME
Personal name Machado, Ana María,
Dates associated with a name 1941-
240 10 - UNIFORM TITLE
Uniform title <a href=" "> </a>
Language of a work
245 1# - TITLE STATEMENT
Title Camilón, comilón /
Statement of responsibility, etc. Ana María Machado ; ilustraciones de Gusti ; traducción Manuel Barbadillo
Medium
250 ## - EDITION STATEMENT
Edition statement 8ª ed.
260 ## - PUBLICATION, DISTRIBUTION, ETC. (IMPRINT)
Place of publication, distribution, etc. Madrid :
Name of publisher, distributor, etc. SM,
Date of publication, distribution, etc. 1993
300 ## - PHYSICAL DESCRIPTION
Extent 59 p. :
Other physical details il.,
Dimensions 19 cm
490 1# - SERIES STATEMENT
Series statement El barco de vapor
Volume/sequential designation 27
490 1# - SERIES STATEMENT
Series statement Serie blanca
586 ## - AWARDS NOTE
Awards note "Manzana de Oro en Bratislava 1990"
586 ## - AWARDS NOTE
Awards note "Premio Nacional de Ilustración 1990"
700 12 - ADDED ENTRY--PERSONAL NAME
Personal name Gusti,
Dates associated with a name 1963-
Relator term il.
700 12 - ADDED ENTRY--PERSONAL NAME
Personal name Barbadillo, Manuel,
Dates associated with a name 1928-2007
Relator term tr.
830 #0 - SERIES ADDED ENTRY--UNIFORM TITLE
Uniform title El barco de vapor
Volume number/sequential designation 27
830 #0 - SERIES ADDED ENTRY--UNIFORM TITLE
Uniform title Serie blanca
942 ## - ADDED ENTRY ELEMENTS (KOHA)
Source of classification or shelving scheme Dewey Decimal Classification
Koha item type Libros
945 ## - LOCAL PROCESSING INFORMATION (OCLC)
a Inventariado, 2018 /LP
956 ## - LOCAL ELECTRONIC LOCATION AND ACCESS (OCLC)
Host name VMATEO
Access number 10
Compression information 20160405
Path 0069
Processor of request 20160405
Existencias
Withdrawn status Lost status Source of classification or shelving scheme Damaged status Not for loan Collection code Home library Current library Date acquired Source of acquisition Total Checkouts Barcode Date last seen Price effective from Koha item type
    Dewey Decimal Classification     Colección Infantil General Biblioteca Pública Metropolitana Salomé Ureña Biblioteca Pública Metropolitana Salomé Ureña 04/05/2016 FUNDI   BPMSU16040099 04/05/2016 04/05/2016 Libros